Abridged dewey decimal classification and relative index
Salvato in:
| Autore principale: | |
|---|---|
| Natura: | Libro |
| Lingua: | Undetermined |
| Pubblicazione: |
Albany, New York
Forest Press
2004
|
| Soggetti: | |
| Tags: |
Aggiungi Tag
Nessun Tag, puoi essere il primo ad aggiungerne! !
|
| Thư viện lưu trữ: | Trung tâm Học liệu Trường Đại học Cần Thơ |
|---|
| LEADER | 00511nam a2200181Ia 4500 | ||
|---|---|---|---|
| 001 | CTU_52741 | ||
| 008 | 210402s9999 xx 000 0 und d | ||
| 082 | |a 025.431 | ||
| 082 | |b D519 | ||
| 100 | |a Dewey, Melvil | ||
| 245 | 0 | |a Abridged dewey decimal classification and relative index | |
| 245 | 0 | |c Melvil Dewey | |
| 260 | |a Albany, New York | ||
| 260 | |b Forest Press | ||
| 260 | |c 2004 | ||
| 650 | |a Classification, Dewey Decimal | ||
| 904 | |i Minh | ||
| 980 | |a Trung tâm Học liệu Trường Đại học Cần Thơ | ||